000 01123ngm a22003730a 4500
001 PT35365
003 AR-LpoUNG
005 20210202000445.0
007 vd cvaizq
008 191001s2007||||ag |||||||||||||||||spa d
037 _c$1.12
040 _aAR-LpoUNG
_bspa
_cAR-LpoUNG
_eaacr
041 _aspa
044 _aag
082 0 _a982.065 454rom
100 1 _aAlonso, Gustavo
_edir.
245 1 0 _aRompenieblas :
_buna historia de psicoanálisis y dictadura
260 _aBuenos Aires :
_bMiradas al sur,
_c2007.
300 _aDVD (62 min.) : son., col.
520 _aDocumental que indaga en la relación entre el desarrollo del psicoanálisis en la Argentina, y el compromiso de la disciplina durante la última dictadura militar. Basado en una ideade José retik
650 4 _aARGENTINA
650 4 _aASPECTOS PSICOLOGICOS
650 4 _aDERECHOS HUMANOS
650 4 _aDICTADURA
650 4 _aGOBIERNO MILITAR
650 4 _aPSICOLOGIA
651 4 _aArgentina
653 _aCINE ARGENTINO
653 _aDOCUMENTALES
653 _aDVD
653 _aVIDEOS
905 _a35365
942 _cDVD
999 _c54886
_d54886